Το θέατρο στην Ελλάδα : μορφολογικές επισημάνσεις
Αποθηκεύτηκε σε:
| Κύριος συγγραφέας: | |
|---|---|
| Μορφή: | Βιβλίο |
| Γλώσσα: | Greek |
| Δημοσίευση: |
Αθήνα :
Παϊρίδη,
1982
|
| Θέματα: | |
| Ετικέτες: |
Προσθήκη ετικέτας
Δεν υπάρχουν, Καταχωρήστε ετικέτα πρώτοι!
|
MARC
| LEADER | 00000nam a2200000 i 4500 | ||
|---|---|---|---|
| 001 | 1/98016 | ||
| 008 | 950228s1982 gre d | ||
| 035 | |l 10010775 | ||
| 040 | |a GR-MY-UA |b gre |e aacr | ||
| 041 | 0 | |a gre | |
| 082 | 0 | |a 792.09495 |2 (22) | |
| 100 | 1 | |a Puchner, Walter. | |
| 245 | 1 | 3 | |a Το θέατρο στην Ελλάδα : |b μορφολογικές επισημάνσεις / |c Βαλτερ Πουχνερ |
| 260 | |a Αθήνα : |b Παϊρίδη, |c 1982 | ||
| 300 | |a 140 σ. | ||
| 650 | 0 | 0 | |a Drama |x History and criticism. |
| 650 | 0 | 0 | |a Greek drama. |
| 852 | |a INST |b LESVOS |e 19950228 |h 792.09495 PUC |p 005100002659 |q 005100002659 |t BK |y 0 | ||
| 909 | |a Λ |b 039727 | ||